| 000 | 00618nam a22002057a 4500 | ||
|---|---|---|---|
| 999 |
_c178176 _d178176 |
||
| 005 | 20210322123842.0 | ||
| 010 | _aENG-129255 | ||
| 020 |
_a978-93-528-3751-9 _c530.00 |
||
| 035 | _aEN-112787 | ||
| 037 | _bDBAD/PUB | ||
| 082 | _a510 | ||
| 100 | _aDass, H.K. | ||
| 245 |
_aS. Chand's New Mathematics/ _cH.K. Dass, Rama Verma, Bhagwat Swarup Sharma |
||
| 260 |
_bS. Chand School Books _aNew Delhi _c2019 |
||
| 270 |
_a7361, Ram Nagar, Qutab Road, _bNew Delhi _e110055 |
||
| 300 |
_a965p. _c24cm(pbk) |
||
| 700 | _aVerma, Rama | ||
| 700 | _aSharma, Bhagwat Swarup | ||
| 942 |
_2ddc _cEN _h510 _mDAS |
||